000 00493nam a2200169Ia 4500
003 GCL
008 140319s9999 xx 000 0 ara d
040 _aGCL /
_cGCL
082 0 4 _a792.8
_bم ف
100 1 _aمحمود احمد الحفنى
245 1 0 _aفن البالية تاريخة ومدارسة ونماذجة من روائع قصصة /
_cمحمود احمد الحفنى
300 _a167 ص
490 _a
650 0 4 _aالرقص
650 0 4 _aالبالية
942 _2ddc
_cBK
999 _c46278
_d46278